000 01265nam a22002895i 4500
001 53393
003 ES-MaACL
005 20250727033919.0
007 t|
008 950922e1872 sp ||||1| spa d
040 _aCAM
_bspa
_cCAM
080 _a 327.323.3
080 _a329.15(100)
100 1 _aSalmerón y Alonso, Nicolás,
_d1838-1908
_eaut
_9101996
245 1 3 _aLa cuestión de la Internacional :
_bdiscurso pronunciado en el Congreso de los Diputados /
_cpor Nicolás Salmerón y Alonso...; tomado del "Diario de sesiones" de 26 y 27 de octubre y 3 de noviembre de 1871 y precedido de una carta de Fernando de Castro
260 _aMadrid :
_b[s.n.],
_c1872
_f(Imp. de La Constitución)
300 _a116 páginas ;
_c19 cm.
500 _aEn port.: Tirada privada de 100 ejemplares numerados; n. 93
610 2 4 _95260
_aInternacional Comunista
650 7 _aComunismo
_2embne
_911211
700 1 _aCastro, Fernando de,
_d1814-1874
_9150497
_eaui
710 1 _aEspaña.
_bCortes Generales.
_bCongreso.
_93671
_eisb
852 _aES-MaACL
_gDedicatoria manuscrita del autor a Antonio Aura Boronat
_cSVI
_hDonativo de Antonio Aura Boronat
_jD-4707(4)
942 _2udc
_cMONANT
_n0
999 _c53393
_d53393